000 00350nam a2200145Ia 4500
008 230917s9999||||xx |||||||||||||| ||und||
040 _e184449
_aMAIN
041 _aEnglish
082 _a417.0954 K128U
100 _aKamboj, Jiyalal
245 0 _aUtkirna lekha stabakah
260 _aDelhi
_bNirman Parkashan
_c1983
300 _a87 p.
942 _cBK
999 _c44167
_d44167